MAASAI MARA UNIVERSITY

LIBRARY CATALOGUE

Contact Us: +254 020 2685356/7 or 0774 057787

Box: 861-20500, NAROK, KENYA

Email: info@mmarau.ac.ke

Lundgren Regina E (Record no. 4661)

MARC details
000 -LEADER
fixed length control field 00463nam a2200145Ia 4500
008 - FIXED-LENGTH DATA ELEMENTS--GENERAL INFORMATION
fixed length control field 151015s9999 xx 000 0 und d
020 ## - INTERNATIONAL STANDARD BOOK NUMBER
International Standard Book Number 1574770551
050 ## - LIBRARY OF CONGRESS CALL NUMBER
Classification number T 10.68.L86 1998
245 ## - TITLE STATEMENT
Title Lundgren Regina E
250 ## - EDITION STATEMENT
Edition statement _Risk communication A hand book for communicating environmental,safety,and health risks[2nd ed.]
300 ## - PHYSICAL DESCRIPTION
Extent USA Battelle press 1998
500 ## - GENERAL NOTE
General note Includes index
650 ## - SUBJECT ADDED ENTRY--TOPICAL TERM
Topical term or geographic name as entry element _communication
700 ## - ADDED ENTRY--PERSONAL NAME
Personal name ^d20130522 09:51:39^oanne

No items available.

© 2016 Maasai Mara University.